[Event "35th WCh U20 Girls"]
[Site "Tarvisio ITA"]
[Date "2017.11.22"]
[Round "9"]
[White "Cramling-Bellon, Anna"]
[Black "Ghukasian, Siranush"]
[Result "0-1"]
[WhiteElo "1943"]
[BlackElo "2207"]
[EventDate "2017.11.13"]
[PlyCount "114"]

1.d4 d5 2.c4 e6 3.Nc3 Be7 4.cxd5 exd5 5.Bf4 c6 6.Qc2 g6 7.e3 Bf5 8.Bd3 
Bxd3 9.Qxd3 Nf6 10.Nge2 Nbd7 11.f3 Nf8 12.e4 Ne6 13.Be5 O-O 14.O-O c5 15.
exd5 Nxd5 16.Nxd5 Qxd5 17.Nc3 Qd7 18.d5 f6 19.Bg3 Nd4 20.a4 a6 21.a5 Rad8 
22.Qc4 Bd6 23.Bxd6 Qxd6 24.Rad1 f5 25.Na4 Qxd5 26.Qxc5 Qb3 27.Nc3 Ne2+ 28.
Kh1 Nxc3 29.Rxd8 Rxd8 30.Qxc3 Qxc3 31.bxc3 Rc8 32.Kg1 Rxc3 33.Rb1 Rc5 34.
Rxb7 Rxa5 35.Ra7 Ra2 36.f4 a5 37.Kf1 a4 38.h4 a3 39.g3 Kf8 40.Ke1 Ra1+ 41.
Kf2 Ra2+ 42.Ke1 Ke8 43.Kd1 h5 44.Ke1 Kd8 45.Kf1 Kc8 46.Ra4 Kb7 47.Ke1 Kb6 
48.Kd1 Kb5 49.Ra8 Kb4 50.Rb8+ Kc3 51.Rc8+ Kd3 52.Rd8+ Ke3 53.Re8+ Kf3 54.
Ra8 Kxg3 55.Ra6 Kxf4 56.Kc1 Ra1+ 57.Kc2 a2 0-1

[Event "35th WCh U20 Girls"]
[Site "Tarvisio ITA"]
[Date "2017.11.22"]
[Round "9"]
[White "Kiolbasa, Oliwia"]
[Black "Alijanzadeh, Mohadeseh"]
[Result "1/2-1/2"]
[WhiteElo "2206"]
[BlackElo "1930"]
[EventDate "2017.11.13"]
[PlyCount "85"]

1.e4 e6 2.d4 d5 3.Nc3 Nf6 4.e5 Nfd7 5.f4 c5 6.Nf3 Nc6 7.Be3 Qb6 8.a3 a6 9.
Be2 cxd4 10.Nxd4 Nxd4 11.Bxd4 Qc7 12.O-O Bc5 13.Bf3 b5 14.Ne2 Nb6 15.Bxc5 
Qxc5+ 16.Qd4 Qxd4+ 17.Nxd4 Bd7 18.c3 Ke7 19.g4 g6 20.Rae1 Nc4 21.Rf2 Rab8 
22.f5 a5 23.Bg2 Rhc8 24.h4 b4 25.axb4 axb4 26.fxe6 fxe6 27.b3 Na5 28.Ref1 
bxc3 29.Rf7+ Kd8 30.Rxh7 Rb6 31.Bxd5 exd5 32.e6 Be8 33.Rf8 Rb7 34.Rxe8+ 
Kxe8 35.Rh8+ Ke7 36.Rxc8 Nxb3 37.Nxb3 Rxb3 38.h5 Rb4 39.hxg6 Rxg4+ 40.Kf2 
d4 41.Kf3 Rxg6 42.Ke4 Kxe6 43.Kxd4 1/2-1/2

[Event "35th WCh U20 Girls"]
[Site "Tarvisio ITA"]
[Date "2017.11.22"]
[Round "9"]
[White "Stashis, Anna"]
[Black "Yuan Ye"]
[Result "0-1"]
[WhiteElo "1907"]
[BlackElo "2196"]
[EventDate "2017.11.13"]
[PlyCount "126"]

1.e4 c5 2.c3 d5 3.exd5 Qxd5 4.d4 Nc6 5.Nf3 Bf5 6.Be3 Nf6 7.Be2 cxd4 8.cxd4
Bxb1 9.Qxb1 e5 10.O-O e4 11.Nd2 Bd6 12.g3 Nxd4 13.Bxd4 Qxd4 14.Bb5+ Ke7 
15.Nc4 Bc7 16.Ne3 Qe5 17.a4 Rhc8 18.Qa2 Kf8 19.Bc4 Qh5 20.Kg2 Bb6 21.Rac1 
Rd8 22.Be2 Qe5 23.Nc4 Qd5 24.Rfd1 Bd4 25.Qa3+ Kg8 26.Rxd4 Qxd4 27.Rd1 Qxd1
28.Bxd1 Rxd1 29.Ne5 Re8 30.Qb3 Rd5 31.Ng4 Rd7 32.Qb5 Rde7 33.Ne3 b6 34.Qc4
h5 35.b4 Ng4 36.Nf5 Re6 37.Qd4 Rf6 38.h3 Rxf5 39.hxg4 hxg4 40.Qd7 Rfe5 41.
Qxg4 a5 42.bxa5 Rxa5 43.Qd7 Rea8 44.Qc6 Rxa4 45.Qxb6 Re8 46.Qc6 Raa8 47.
Qd5 Rad8 48.Qa5 Rd6 49.Qb5 Rde6 50.Qc5 e3 51.fxe3 Rxe3 52.Qd4 Ra3 53.Qd7 
Re2+ 54.Kh3 Rae3 55.Qd8+ Re8 56.Qd5 g6 57.Qc4 R8e5 58.Qc8+ Kg7 59.Qc3 g5 
60.Qd4 f5 61.Qd8 Re7 62.Qd6 R7e6 63.Qd7+ Kg6 0-1

[Event "35th WCh U20 Girls"]
[Site "Tarvisio ITA"]
[Date "2017.11.22"]
[Round "9"]
[White "Trippold, Denise"]
[Black "Andolfatto, Maria"]
[Result "1/2-1/2"]
[WhiteElo "2104"]
[BlackElo "1970"]
[EventDate "2017.11.13"]
[PlyCount "144"]

1.d4 d5 2.c4 e6 3.Nf3 Nf6 4.g3 Bb4+ 5.Bd2 Be7 6.Bg2 O-O 7.O-O c6 8.Qc2 b6 
9.Bf4 Ba6 10.cxd5 cxd5 11.Rc1 Nbd7 12.Nc3 Qc8 13.a4 Qb7 14.Nb5 Rac8 15.Qb3
Ne4 16.Ne1 Rfd8 17.f3 Nef6 18.Nd3 Nb8 19.Nb4 Bxb4 20.Qxb4 Nc6 21.Qd2 Qe7 
22.b3 Bb7 23.Qb2 a6 24.Na3 Ne8 25.Nc2 a5 26.Bd2 Nd6 27.Be1 Ba6 28.e3 Qb7 
29.Na3 Ra8 30.e4 b5 31.e5 Nf5 32.axb5 Bxb5 33.Nxb5 Qxb5 34.Rc5 Qb6 35.Bf2 
Nb4 36.Bf1 Ne7 37.Rb5 Qc7 38.Rc1 Qa7 39.Rbc5 Rdc8 40.Rxc8+ Rxc8 41.Rxc8+ 
Nxc8 42.Qc3 Ne7 43.f4 h6 44.g4 Qb6 45.f5 Qc6 46.Qa1 Qb6 47.f6 Nec6 48.fxg7
Kxg7 49.Qc1 Qd8 50.h4 f6 51.Be3 h5 52.exf6+ Qxf6 53.g5 Qf3 54.Bg2 Qe2 55.
Bf2 Nd3 56.Qe3 Qxf2+ 57.Qxf2 Nxf2 58.Kxf2 Nxd4 59.Bf3 Nxb3 60.Bd1 Nd4 61.
Ke3 Nf5+ 62.Kf4 Nxh4 63.Ke5 Kf7 64.Bxh5+ Ng6+ 65.Kd4 Kg7 66.Bf3 a4 67.Kc3 
Ne5 68.Bd1 a3 69.Kb3 Nc4 70.Bg4 Kf7 71.g6+ Kf6 72.g7 Kxg7 1/2-1/2

[Event "35th WCh U20 Girls"]
[Site "Tarvisio ITA"]
[Date "2017.11.22"]
[Round "9"]
[White "Koo Wei Xin, Rosamund"]
[Black "Li Zhuoling"]
[Result "0-1"]
[WhiteElo "1900"]
[BlackElo "2006"]
[EventDate "2017.11.13"]
[PlyCount "158"]

1.c4 Nf6 2.Nc3 d5 3.cxd5 Nxd5 4.g3 g6 5.Bg2 Nxc3 6.bxc3 Bg7 7.Rb1 c6 8.Nf3
O-O 9.O-O b6 10.Qc2 Bb7 11.d4 Nd7 12.e4 e5 13.Ba3 Re8 14.Rfe1 Qc7 15.Rbd1 
Rad8 16.Bc1 c5 17.d5 b5 18.c4 b4 19.Bg5 f6 20.Be3 a5 21.h4 Nb6 22.Nd2 Bf8 
23.Rc1 Bd6 24.h5 g5 25.Bh3 Bc8 26.Bxc8 Rxc8 27.Qd1 Qd7 28.g4 a4 29.Nf1 Ra8
30.Ng3 Nc8 31.Qf3 Rf8 32.h6 Ra5 33.Nh5 Be7 34.Ng7 Nd6 35.Ne6 Rc8 36.Kg2 
Qe8 37.Bd2 Ra6 38.Ng7 Qg6 39.Nf5 Nxf5 40.exf5 Qf7 41.Rcd1 Bd6 42.Rh1 Re8 
43.Rde1 Rb6 44.Rh5 Kh8 45.Rb1 Reb8 46.Bxg5 fxg5 47.Rxg5 Rg8 48.Rg7 Rxg7 
49.hxg7+ Kxg7 50.g5 b3 51.f6+ Kg8 52.axb3 axb3 53.Rxb3 Rxb3 54.Qxb3 Qg6 
55.Qe3 h6 56.f4 Qc2+ 57.Kg1 Qd1+ 58.Kf2 Qc2+ 59.Kg1 Qb1+ 60.Kg2 hxg5 61.
fxg5 Qf5 62.Qg3 Kf7 63.Qh4 Qg6 64.Qg4 Qc2+ 65.Kh3 Kg6 66.f7 Qf5 67.Qxf5+ 
Kxf5 68.Kh4 e4 69.Kh5 e3 70.g6 Kf6 71.Kh6 Bf8+ 72.Kh7 e2 73.Kg8 e1=Q 74.
Kxf8 Kxg6 75.Kg8 Qh4 76.f8=N+ Kf6 77.Nh7+ Ke7 78.Nf8 Qg5+ 79.Kh7 Kxf8 0-1

[Event "35th WCh U20 Girls"]
[Site "Tarvisio ITA"]
[Date "2017.11.22"]
[Round "9"]
[White "Petraki, Evaggelia"]
[Black "Fernandez Rivero, Karla July"]
[Result "1/2-1/2"]
[WhiteElo "1854"]
[BlackElo "1986"]
[EventDate "2017.11.13"]
[PlyCount "93"]

1.c4 Nf6 2.Nc3 e5 3.g3 d5 4.cxd5 Nxd5 5.Bg2 Nb6 6.Nf3 Nc6 7.O-O Be7 8.a3 
O-O 9.b4 Be6 10.Rb1 f6 11.Ne4 Ba2 12.Rb2 Bd5 13.Qc2 a5 14.Nc5 axb4 15.axb4
Ra7 16.d3 Qd6 17.e4 Bf7 18.Be3 Nd4 19.Nxd4 exd4 20.Bf4 Qd8 21.Bh3 Bd6 22.
Bd2 Qe7 23.Rc1 Rfa8 24.f4 Na4 25.Rbb1 c6 26.Ra1 Nxc5 27.Rxa7 Rxa7 28.bxc5 
Bb8 29.Rb1 Ra2 30.Qc1 Ba7 31.Bc8 Qxc5 32.Bxb7 Qxc1+ 33.Bxc1 c5 34.f5 c4 
35.dxc4 d3+ 36.Kh1 Bxc4 37.Bf4 g5 38.fxg6 hxg6 39.h4 Bd4 40.Bd5+ Bxd5 41.
exd5 Ra1 42.Rxa1 Bxa1 43.Kg2 f5 44.Kf3 Bd4 45.Bd2 Kf7 46.Bb4 Kf6 47.Kf4 
1/2-1/2

[Event "35th WCh U20 Girls"]
[Site "Tarvisio ITA"]
[Date "2017.11.22"]
[Round "9"]
[White "Di Benedetto, Desiree"]
[Black "February, Jesse Nikki"]
[Result "1-0"]
[WhiteElo "2190"]
[BlackElo "1874"]
[EventDate "2017.11.13"]
[PlyCount "57"]

1.d4 Nf6 2.c4 e6 3.Nc3 d5 4.cxd5 Nxd5 5.e4 Nxc3 6.bxc3 c5 7.Nf3 cxd4 8.
cxd4 Nc6 9.a3 Be7 10.Bd3 O-O 11.e5 Qa5+ 12.Bd2 Qd5 13.Be3 f5 14.exf6 Bxf6 
15.O-O Bd7 16.Rc1 Be7 17.Bc4 Qf5 18.Rb1 Na5 19.Bd3 Qd5 20.Ne5 Be8 21.Qc2 
h6 22.Bh7+ Kh8 23.Be4 Qd6 24.Qd2 Nc6 25.Nc4 Qd8 26.Rxb7 Rc8 27.Bxh6 Nxd4 
28.Bxg7+ Kxg7 29.Qg5+ 1-0

[Event "35th WCh U20 Girls"]
[Site "Tarvisio ITA"]
[Date "2017.11.22"]
[Round "9"]
[White "Vangsgard, Freja"]
[Black "Vernet, Solene"]
[Result "0-1"]
[WhiteElo "2035"]
[BlackElo "1862"]
[EventDate "2017.11.13"]
[PlyCount "98"]

1.d4 Nf6 2.c4 e6 3.Nc3 c5 4.d5 exd5 5.cxd5 g6 6.g3 Bg7 7.Bg2 O-O 8.Nf3 d6 
9.Nd2 a6 10.a4 Nbd7 11.Nc4 Nb6 12.Qb3 Nxc4 13.Qxc4 b5 14.Qb3 b4 15.Nd1 Qe7
16.Ne3 a5 17.O-O Ba6 18.Re1 Rfc8 19.Nc4 Bxc4 20.Qxc4 Nd7 21.Qc2 c4 22.Rb1 
b3 23.Qd1 Nb6 24.Be3 Nxa4 25.Bd4 Bh6 26.e4 Nc5 27.Bf1 Nd7 28.Bc3 a4 29.f4 
Qf8 30.e5 dxe5 31.fxe5 Bg7 32.Bh3 Rd8 33.d6 Nxe5 34.Bxe5 Bxe5 35.Rxe5 Rxd6
36.Qe2 Rd4 37.Bg2 Rad8 38.Bc6 a3 39.bxa3 Qxa3 40.Re8+ Rxe8 41.Qxe8+ Qf8 
42.Qxf8+ Kxf8 43.Ba4 h5 44.Kf1 Rd2 45.Kg1 b2 46.Re1 c3 47.Re8+ Kg7 48.Rb8 
c2 49.Bxc2 Rxc2 0-1

[Event "35th WCh U20 Girls"]
[Site "Tarvisio ITA"]
[Date "2017.11.22"]
[Round "9"]
[White "Sibajeva, Marija"]
[Black "Samudin, Elina"]
[Result "1-0"]
[WhiteElo "2016"]
[BlackElo "1806"]
[EventDate "2017.11.13"]
[PlyCount "111"]

1.e4 c5 2.Nf3 d6 3.d4 cxd4 4.Qxd4 Nc6 5.Bb5 Bd7 6.Bxc6 Bxc6 7.Nc3 Nf6 8.
Bg5 e6 9.O-O-O Be7 10.Qd3 O-O 11.Kb1 Rc8 12.h4 b5 13.Nd4 b4 14.Bxf6 Bxf6 
15.Nce2 Qa5 16.f4 Ba4 17.Nb3 Qb5 18.Nec1 Qxd3 19.Nxd3 Rc4 20.Rhe1 Rfc8 21.
Re2 Bc6 22.Nf2 Ba4 23.g4 g6 24.g5 Bg7 25.h5 d5 26.exd5 exd5 27.Nd3 Bf8 28.
Rh2 R8c7 29.hxg6 fxg6 30.Rf2 Bd6 31.Rdf1 Bd7 32.Re1 Bf5 33.Nbc1 Kg7 34.Re8
a5 35.Ra8 Bc5 36.Re2 Bd6 37.b3 Re4 38.Rxa5 Rxe2 39.Nxe2 Be4 40.Ra6 Bxd3 
41.cxd3 Bf8 42.Nd4 Rc3 43.Ne6+ Kf7 44.Nxf8 Kxf8 45.Rb6 Rxd3 46.Rxb4 Rd1+ 
47.Kc2 Rf1 48.a4 Kf7 49.a5 Rf2+ 50.Kd3 Rf3+ 51.Ke2 Rc3 52.a6 Rc8 53.Rb7+ 
Ke6 54.a7 Ra8 55.b4 Kd6 56.b5 1-0

[Event "35th WCh U20 Girls"]
[Site "Tarvisio ITA"]
[Date "2017.11.22"]
[Round "9"]
[White "Srdanovic, Jovana"]
[Black "Zairbek Kyzy, Begimay"]
[Result "1-0"]
[WhiteElo "2015"]
[BlackElo "1599"]
[EventDate "2017.11.13"]
[PlyCount "115"]

1.d4 Nf6 2.Bg5 h6 3.Bxf6 gxf6 4.e3 e6 5.Be2 d6 6.c4 f5 7.Nc3 Nd7 8.Bf3 Bg7
9.Nge2 Nf8 10.Nf4 Nh7 11.Nh5 Rg8 12.Nxg7+ Rxg7 13.g3 Ng5 14.Bg2 a6 15.Qd2 
Rb8 16.h4 Nh7 17.e4 Rg6 18.exf5 exf5 19.O-O-O b5 20.cxb5 Kf8 21.Rhe1 axb5 
22.Nd5 Bd7 23.Nf4 Rg8 24.Nd5 Kg7 25.Qf4 Re8 26.Ne3 Qf6 27.Bh3 Re4 28.Nxf5+
Bxf5 29.Qxf5 Rxe1 30.Qxf6+ Nxf6 31.Rxe1 Nd5 32.Bg2 Nb4 33.Kb1 c5 34.dxc5 
dxc5 35.a3 Nd3 36.Re2 Kf6 37.Re3 c4 38.Kc2 Rb6 39.Kc3 Kg7 40.f4 Nc5 41.Bf1
Kf6 42.Kb4 Nb3 43.Re5 Rd6 44.Rxb5 Nd4 45.Rc5 Nc2+ 46.Kc3 Ne3 47.Bxc4 Rd1 
48.a4 Ra1 49.a5 Nd1+ 50.Kc2 Ne3+ 51.Kb3 Nf5 52.g4 Nxh4 53.a6 Nf3 54.Kb4 
Nd4 55.Kc3 Nf3 56.Rc6+ Kg7 57.Rc7 Kg6 58.a7 1-0

[Event "35th WCh U20 Girls"]
[Site "Tarvisio ITA"]
[Date "2017.11.22"]
[Round "9"]
[White "Vanduyfhuys, Daria"]
[Black "Altantuya, Boldbaatar"]
[Result "0-1"]
[WhiteElo "1755"]
[BlackElo "1948"]
[EventDate "2017.11.13"]
[PlyCount "52"]

1.d4 Nf6 2.Nf3 e6 3.c4 b6 4.a3 Bb7 5.Nc3 d5 6.cxd5 Nxd5 7.Qc2 Nxc3 8.bxc3 
Be7 9.e4 O-O 10.Bd3 c5 11.O-O Qc7 12.Qe2 Rd8 13.Bb2 Nc6 14.d5 exd5 15.exd5
Rxd5 16.Bxh7+ Kf8 17.Be4 Rh5 18.c4 Re8 19.g3 Bd6 20.Nd2 Rh6 21.Qf3 Be5 22.
Bc3 Rf6 23.Qd3 Bxc3 24.Qxc3 Nd4 25.Rfe1 Rfe6 26.f3 f5 0-1

[Event "35th WCh U20 Girls"]
[Site "Tarvisio ITA"]
[Date "2017.11.22"]
[Round "9"]
[White "Jayaweera, Sayuni Gihansa"]
[Black "Barbosa, Larissa Ichimura"]
[Result "1/2-1/2"]
[WhiteElo "1745"]
[BlackElo "1913"]
[EventDate "2017.11.13"]
[PlyCount "68"]

1.d4 Nf6 2.Nf3 g6 3.g3 Bg7 4.Bg2 O-O 5.O-O d6 6.b3 Nbd7 7.Bb2 Re8 8.Nbd2 
e5 9.dxe5 Ng4 10.Nc4 Ngxe5 11.Nfxe5 Nxe5 12.Nxe5 Bxe5 13.Bxe5 Rxe5 14.e3 
h5 15.Qd4 h4 16.Rfd1 h3 17.Qxe5 Bg4 18.Qf4 Bxd1 19.Rxd1 hxg2 20.Kxg2 Qd7 
21.Qf3 Kg7 22.Qxb7 Rh8 23.Kg1 Qf5 24.Qd5 Qxc2 25.a4 Rh5 26.Qd3 Qa2 27.Rc1 
Rf5 28.Rc2 Qb1+ 29.Kg2 a5 30.Qd4+ Rf6 31.Qb2 Qd1 32.Rxc7 Qf3+ 33.Kg1 Qd1+ 
34.Kg2 Qf3+ 1/2-1/2

[Event "35th WCh U20 Girls"]
[Site "Tarvisio ITA"]
[Date "2017.11.22"]
[Round "9"]
[White "Figueroa Bernal, Julia Dennis"]
[Black "Silva, Mariana Sofia"]
[Result "0-1"]
[WhiteElo "1690"]
[BlackElo "1883"]
[EventDate "2017.11.13"]
[PlyCount "68"]

1.e4 c5 2.Nf3 Nc6 3.c3 d5 4.exd5 Qxd5 5.Be2 Nf6 6.h3 e5 7.d3 Be7 8.O-O O-O
9.Bg5 h6 10.Bxf6 Bxf6 11.Nbd2 Be6 12.Qc2 Rad8 13.Rfe1 Be7 14.d4 cxd4 15.
Bc4 Qd7 16.Bxe6 Qxe6 17.cxd4 Nxd4 18.Nxd4 Rxd4 19.Nf3 Rd5 20.Qc7 Bd6 21.
Qxb7 Rb8 22.Qxa7 Rxb2 23.Qa8+ Rb8 24.Qa4 Rb4 25.Qa8+ Kh7 26.Qa6 e4 27.a3 
Bh2+ 28.Nxh2 Qxa6 29.axb4 Qc4 30.Rab1 Rb5 31.Rec1 Qd4 32.Rd1 Qb6 33.Rd7 e3
34.Rxf7 Qg6 0-1

[Event "35th WCh U20 Girls"]
[Site "Tarvisio ITA"]
[Date "2017.11.22"]
[Round "9"]
[White "Magpily, Francois Marie"]
[Black "Cui, Cynthia"]
[Result "1-0"]
[WhiteElo "1836"]
[BlackElo "1553"]
[EventDate "2017.11.13"]
[PlyCount "43"]

1.e4 e5 2.Nf3 Nc6 3.d4 exd4 4.Bc4 Nf6 5.O-O Nxe4 6.Re1 d5 7.Bxd5 Qxd5 8.
Nc3 Qh5 9.Nxe4 Be6 10.Bg5 Bd6 11.Nxd6+ cxd6 12.Bf4 Qd5 13.c3 Qf5 14.Bxd6 
dxc3 15.Nd4 Qf6 16.Nb5 O-O-O 17.bxc3 h5 18.Qa4 a6 19.Bg3 Bf5 20.Qf4 Rd7 
21.Na7+ Kd8 22.Bh4 1-0

[Event "35th WCh U20 Girls"]
[Site "Tarvisio ITA"]
[Date "2017.11.22"]
[Round "9"]
[White "Shepherd, Katherine"]
[Black "Greibrokk, Ingrid"]
[Result "0-1"]
[WhiteElo "1918"]
[BlackElo "1868"]
[EventDate "2017.11.13"]
[PlyCount "100"]

1.d4 d5 2.Nf3 Nf6 3.c4 c6 4.e3 e6 5.Nbd2 Be7 6.Bd3 dxc4 7.Nxc4 b5 8.Nce5 
Bb7 9.O-O O-O 10.a3 a6 11.b4 a5 12.bxa5 Qxa5 13.Bd2 Qb6 14.Qb3 Ra4 15.Ng5 
Nbd7 16.Nxe6 Nxe5 17.dxe5 Nd5 18.Nxf8 Bxf8 19.Bc2 g6 20.Qd3 Ra6 21.e4 Nc7 
22.Bb3 c5 23.Bd5 Nxd5 24.exd5 c4 25.Qe4 Rxa3 26.Rxa3 Bxa3 27.Rd1 Qc7 28.
Bc1 Bxc1 29.Rxc1 Qc5 30.Rd1 c3 31.Qd3 b4 32.d6 Qc6 33.f3 Bc8 34.Rc1 Qb6+ 
35.Kh1 Bf5 36.Qd1 Qe3 37.Qe1 Qxe1+ 38.Rxe1 c2 39.g4 Bd7 40.Kg2 b3 41.Rc1 
b2 42.Rxc2 b1=Q 43.Rc7 Qb5 44.Kh3 h5 45.Kh4 hxg4 46.f4 Be6 47.Kg5 Kg7 48.
Re7 Qd3 49.Kh4 Qh3+ 50.Kg5 Qh5# 0-1

[Event "35th WCh U20 Girls"]
[Site "Tarvisio ITA"]
[Date "2017.11.22"]
[Round "9"]
[White "Caxita, Esperanca"]
[Black "Koljevic, Nikolina"]
[Result "0-1"]
[WhiteElo "1865"]
[BlackElo "1837"]
[EventDate "2017.11.13"]
[PlyCount "48"]

1.e4 c5 2.Nf3 e6 3.d4 cxd4 4.Nxd4 Nf6 5.Bd3 Nc6 6.c3 d5 7.Nxc6 bxc6 8.e5 
Nd7 9.Qe2 Qc7 10.f4 a5 11.Nd2 Nc5 12.Bc2 Ba6 13.Qf3 Be7 14.Nb3 O-O 15.Nd4 
Rab8 16.Qh3 Ne4 17.Nb3 g6 18.Bxe4 dxe4 19.Qe3 Rfd8 20.Qxe4 Bh4+ 21.g3 c5 
22.Qa4 Qb7 23.Rg1 Qf3 24.Nd4 Rxd4 0-1

[Event "35th WCh U20 Girls"]
[Site "Tarvisio ITA"]
[Date "2017.11.22"]
[Round "9"]
[White "Louka, Magdalini"]
[Black "Braganza, Nadia"]
[Result "1-0"]
[WhiteElo "1955"]
[BlackElo "1536"]
[EventDate "2017.11.13"]
[PlyCount "131"]

1.e4 c5 2.Nf3 Nc6 3.d4 cxd4 4.Nxd4 g6 5.c4 Nf6 6.Nc3 d6 7.Be2 Nxd4 8.Qxd4 
Bg7 9.Be3 O-O 10.Qd2 Qa5 11.O-O Be6 12.f3 Rfc8 13.b3 a6 14.Rac1 b5 15.Nd5 
Qxd2 16.Bxd2 Nxd5 17.exd5 Bd4+ 18.Kh1 Bd7 19.Bd3 Kg7 20.Rfe1 Bf6 21.Bc3 
Bxc3 22.Rxe7 b4 23.Rxd7 Rd8 24.Rc7 Rdc8 25.Rc6 Rd8 26.g3 a5 27.c5 dxc5 28.
Rxc5 Rdc8 29.Rxc8 Rxc8 30.f4 Kf6 31.Rd1 Ke7 32.d6+ Kd8 33.Bb5 Bb2 34.Rd2 
Rc1+ 35.Kg2 Bc3 36.Re2 Re1 37.Rf2 f6 38.Rf3 Ra1 39.Re3 Re1 40.Rd3 h6 41.
Kf2 Ra1 42.Kf3 Rb1 43.d7 Rb2 44.Re3 Rd2 45.Re8+ Kc7 46.Rc8+ Kb6 47.d8=Q+ 
Rxd8 48.Rxd8 Kxb5 49.Rh8 g5 50.Rxh6 a4 51.Rg6 axb3 52.axb3 gxf4 53.Kxf4 
Be5+ 54.Kf5 Kc5 55.Rxf6 Bxf6 56.Kxf6 Kd4 57.h4 Kc3 58.h5 Kxb3 59.h6 Ka2 
60.h7 b3 61.h8=Q b2 62.Qa8+ Kb1 63.Ke5 Kc2 64.Qg2+ Kc1 65.Qxb2+ Kxb2 66.g4
1-0

[Event "35th WCh U20 Girls"]
[Site "Tarvisio ITA"]
[Date "2017.11.22"]
[Round "9"]
[White "Bilguun, Bayaraa"]
[Black "Ganzova, Veronika"]
[Result "0-1"]
[WhiteElo "1147"]
[BlackElo "1633"]
[EventDate "2017.11.13"]
[PlyCount "42"]

1.d4 d5 2.Nf3 Nf6 3.Bf4 e6 4.e3 c5 5.c4 Nc6 6.Nc3 a6 7.b3 cxd4 8.exd4 Bb4 
9.Bd2 dxc4 10.bxc4 O-O 11.Ne2 Qa5 12.Nf4 Rd8 13.Ne2 Ne4 14.Qc2 Nxd2 15.
Nxd2 Nxd4 16.Nxd4 Rxd4 17.Rd1 Bd7 18.Ke2 Qe5+ 19.Kf3 Rf4+ 20.Kg3 Qg5+ 21.
Kh3 Qg4# 0-1

[Event "35th WCh U20 Girls"]
[Site "Tarvisio ITA"]
[Date "2017.11.24"]
[Round "10"]
[White "Tsolakidou, Stavroula"]
[Black "Abdumalik, Zhansaya"]
[Result "0-1"]
[WhiteElo "2340"]
[BlackElo "2428"]
[EventDate "2017.11.13"]
[PlyCount "70"]

1.Nf3 Nf6 2.c4 c5 3.d4 cxd4 4.Nxd4 b6 5.Nc3 Bb7 6.f3 d6 7.e4 e6 8.Be3 Nbd7
9.Qb3 Be7 10.Be2 O-O 11.O-O-O a6 12.g4 Rc8 13.Kb1 Re8 14.Rhg1 g6 15.a3 Bf8
16.Bf2 Qc7 17.Nc2 Nc5 18.Qa2 Bg7 19.Ne3 Nfd7 20.Be1 Ne5 21.b4 Ncd7 22.Qd2 
d5 23.exd5 exd5 24.Bg3 d4 25.Qxd4 Nxf3 26.Qd3 Nde5 27.Bxf3 Bxf3 28.Ned5 
Qxc4 29.Qxc4 Nxc4 30.Rd3 Bxg4 31.Ka2 Be2 32.Rgd1 Bxd1 33.Rxd1 Ne3 34.Rd3 
Nxd5 35.Nxd5 Re2+ 0-1

[Event "35th WCh U20 Girls"]
[Site "Tarvisio ITA"]
[Date "2017.11.24"]
[Round "10"]
[White "Nomin-Erdene, Davaademberel"]
[Black "Yu, Jennifer"]
[Result "0-1"]
[WhiteElo "2358"]
[BlackElo "2321"]
[EventDate "2017.11.13"]
[PlyCount "126"]

1.e4 e5 2.Nf3 Nc6 3.Bb5 g6 4.c3 a6 5.Ba4 Bg7 6.d4 b5 7.Bb3 exd4 8.cxd4 
Nge7 9.Nc3 Bb7 10.O-O Na5 11.d5 Nxb3 12.Qxb3 c5 13.d6 Nc8 14.Bf4 O-O 15.
Rfe1 Nb6 16.Bg5 Bf6 17.Bh6 Re8 18.e5 Bh8 19.Ne4 c4 20.Qd1 Nd5 21.Bg5 Qb6 
22.Qd2 Re6 23.Bh4 Bg7 24.Rad1 h6 25.Nf6+ Nxf6 26.exf6 Rxe1+ 27.Rxe1 Bf8 
28.Bg3 Bxf3 29.gxf3 Qc6 30.Re3 a5 31.a3 Rb8 32.Kg2 b4 33.axb4 axb4 34.Bf4 
Qc5 35.Qe1 Qf5 36.Be5 h5 37.h4 c3 38.Re4 c2 39.b3 Bh6 40.Bb2 Rc8 41.Bc1 
Bf8 42.Qxb4 Qxf6 43.Qb7 Rd8 44.Qc7 Bxd6 45.Qxc2 Rb8 46.Bb2 Qf5 47.Qd2 Rxb3
48.Re8+ Bf8 49.Qe2 d6 50.Bc1 Kg7 51.Be3 Qd3 52.Qa2 Rb1 53.Kh2 Qd1 54.Bd4+ 
Kg8 55.Bf6 Qh1+ 56.Kg3 Qg1+ 57.Kf4 Qh2+ 58.Ke3 Re1+ 59.Qe2 Rxe2+ 60.Kxe2 
Qf4 61.Bg5 Qc4+ 62.Ke1 Qb4+ 63.Bd2 Qb1+ 0-1

[Event "35th WCh U20 Girls"]
[Site "Tarvisio ITA"]
[Date "2017.11.24"]
[Round "10"]
[White "Osmak, Yulia"]
[Black "Shuvalova, Polina"]
[Result "1-0"]
[WhiteElo "2345"]
[BlackElo "2386"]
[EventDate "2017.11.13"]
[PlyCount "127"]

1.d4 Nf6 2.Bg5 c5 3.d5 Ne4 4.Bf4 Qb6 5.Bc1 e6 6.f3 Nf6 7.e4 exd5 8.exd5 d6
9.c4 Be7 10.Bd3 O-O 11.Nc3 Na6 12.Nge2 Nd7 13.f4 f5 14.O-O Qd8 15.Kh1 Nf6 
16.a3 Kh8 17.Qc2 Nc7 18.b4 b5 19.bxc5 dxc5 20.cxb5 Nfxd5 21.Rb1 Nb6 22.Ng3
Ne6 23.Nce2 g6 24.Rd1 Nd4 25.Nxd4 cxd4 26.Bb2 Bf6 27.Bf1 Bb7 28.Qf2 Qe7 
29.Bxd4 Bxd4 30.Qxd4+ Kg8 31.a4 Rfd8 32.Qb2 Rac8 33.a5 Nd5 34.Rd4 h5 35.
Rbd1 h4 36.Ne2 Nf6 37.Rxd8+ Rxd8 38.Rxd8+ Qxd8 39.Qd4 Qe7 40.Ng1 Ng4 41.
Nf3 Bxf3 42.gxf3 Nf6 43.b6 axb6 44.a6 Qa3 45.Kg2 h3+ 46.Kf2 Qa2+ 47.Be2 
Nd5 48.a7 Kh7 49.Qc4 Qa5 50.Qc6 Qd2 51.a8=Q Qd4+ 52.Ke1 Qg1+ 53.Kd2 Qe3+ 
54.Kd1 Qg1+ 55.Kd2 Qe3+ 56.Ke1 Qg1+ 57.Bf1 Qe3+ 58.Kd1 Qd4+ 59.Kc1 Qxf4+ 
60.Kb1 Qb4+ 61.Kc2 Ne3+ 62.Kd3 Ng2 63.Qc7+ Kh6 64.Qh8+ 1-0

[Event "35th WCh U20 Girls"]
[Site "Tarvisio ITA"]
[Date "2017.11.24"]
[Round "10"]
[White "Paramzina, Anastasia"]
[Black "Obolentseva, Alexandra"]
[Result "1-0"]
[WhiteElo "2123"]
[BlackElo "2320"]
[EventDate "2017.11.13"]
[PlyCount "77"]

1.e4 c5 2.Nf3 d6 3.d4 cxd4 4.Nxd4 Nf6 5.Nc3 a6 6.h3 e5 7.Nde2 h5 8.Bg5 Be6
9.Bxf6 Qxf6 10.Nd5 Qd8 11.Qd3 Nd7 12.Nec3 g6 13.O-O-O Nc5 14.Qe2 b5 15.a3 
Rb8 16.g3 h4 17.Bg2 Bd7 18.Qf3 Bg7 19.Ne3 Ne6 20.Rxd6 Nd4 21.Qd1 Qc7 22.
Rxa6 Qb7 23.Ncd5 Rc8 24.Rb6 Qa7 25.Kb1 hxg3 26.c3 Ne6 27.fxg3 Bc6 28.h4 
Nc5 29.Bh3 Nd7 30.Bxd7+ Qxd7 31.Qd3 Rf8 32.g4 Rd8 33.Rd1 f5 34.gxf5 gxf5 
35.exf5 Bh6 36.Qe4 Kf7 37.Qxe5 Bxe3 38.Nxe3 Qe8 39.Qe6+ 1-0

[Event "35th WCh U20 Girls"]
[Site "Tarvisio ITA"]
[Date "2017.11.24"]
[Round "10"]
[White "Tokhiryonova, Gulrukhbegim"]
[Black "Assaubaeva, Bibisara"]
[Result "1-0"]
[WhiteElo "2306"]
[BlackElo "2395"]
[EventDate "2017.11.13"]
[PlyCount "81"]

1.e4 c5 2.Nf3 e6 3.d4 cxd4 4.Nxd4 Nf6 5.Nc3 d6 6.g4 h6 7.Be3 a6 8.h3 b5 9.
a3 Bb7 10.Bg2 Nbd7 11.Nde2 Rc8 12.O-O Ne5 13.b3 g5 14.Qd2 a5 15.Ng3 b4 16.
axb4 axb4 17.Nb5 d5 18.f4 gxf4 19.Rxf4 Ng6 20.Rxf6 Qxf6 21.Rf1 Qb2 22.Qf2 
f5 23.Nxf5 Rxc2 24.Ng7+ Kd8 25.Nxe6+ Kd7 26.Qf7+ Be7 27.Rf2 Qa1+ 28.Bf1 
Ne5 29.Qf5 Rxf2 30.Bxf2 Nf3+ 31.Qxf3 Qf6 32.Nc5+ Kc8 33.Qxf6 Bxf6 34.Nd6+ 
Kc7 35.Ndxb7 dxe4 36.Nxe4 Kxb7 37.Nxf6 Rc8 38.Ne4 Rc1 39.Kg2 Rb1 40.Bc4 
Kc6 41.Ng3 1-0

[Event "35th WCh U20 Girls"]
[Site "Tarvisio ITA"]
[Date "2017.11.24"]
[Round "10"]
[White "Badelka, Olga"]
[Black "Antova, Gabriela"]
[Result "1-0"]
[WhiteElo "2374"]
[BlackElo "2257"]
[EventDate "2017.11.13"]
[PlyCount "79"]

1.d4 Nf6 2.c4 e6 3.Nc3 Bb4 4.e3 c5 5.Ne2 b6 6.a3 Ba5 7.Bd2 O-O 8.Rb1 Na6 
9.Ng3 Bb7 10.Bd3 cxd4 11.exd4 Bxc3 12.bxc3 d5 13.Qe2 dxc4 14.Bxc4 Nc7 15.
O-O Qd6 16.Rb3 b5 17.f3 a6 18.Bd3 Bd5 19.Rb4 h6 20.Ne4 Qe7 21.Qf2 Nce8 22.
a4 bxa4 23.Rxa4 Nxe4 24.fxe4 Bc6 25.Ra5 Qb7 26.c4 Nf6 27.d5 exd5 28.exd5 
Bd7 29.Bc3 Ng4 30.Qd4 f6 31.Qe4 f5 32.Qd4 Rf7 33.d6 Re8 34.Re1 Rxe1+ 35.
Bxe1 f4 36.Qe4 Qxe4 37.Bxe4 Be6 38.c5 Nf6 39.Bg6 Rd7 40.Rxa6 1-0

[Event "35th WCh U20 Girls"]
[Site "Tarvisio ITA"]
[Date "2017.11.24"]
[Round "10"]
[White "Uuriintuya, Uurtsaikh"]
[Black "Dordzhieva, Dinara"]
[Result "0-1"]
[WhiteElo "2213"]
[BlackElo "2295"]
[EventDate "2017.11.13"]
[PlyCount "114"]

1.e4 c5 2.Nf3 d6 3.d4 cxd4 4.Nxd4 Nf6 5.Nc3 a6 6.f4 e6 7.a4 Be7 8.Be2 O-O 
9.O-O Nc6 10.Be3 Qc7 11.Kh1 Nxd4 12.Qxd4 Bd7 13.e5 Ne8 14.Bd3 Rd8 15.Bf2 
g6 16.Qe3 Bc6 17.Qg3 Ng7 18.a5 Qb8 19.Bb6 Rd7 20.Ne2 Bd8 21.Bd4 Nf5 22.
Bxf5 exf5 23.Bc3 Re8 24.Nd4 Be4 25.Nf3 dxe5 26.Nxe5 Rde7 27.Qf2 f6 28.Nc4 
Re6 29.Rad1 Qc7 30.b3 Qc6 31.Bb4 Bc7 32.Rd2 Bd5 33.Nb2 b6 34.c4 Be4 35.
axb6 Bxb6 36.c5 Ba7 37.Qd4 Bb8 38.Qf2 Qb5 39.Bc3 Qxb3 40.Qd4 Qb5 41.Ra1 
Bxf4 42.Nc4 Bxd2 43.Nxd2 Bc6 44.Nc4 Qb3 45.h3 Qc2 46.Nd2 f4 47.Rf1 Qf5 48.
Nf3 g5 49.Kh2 Qd5 50.Qb4 Re4 51.Qa5 Bb5 52.Rg1 Re2 53.Bxf6 g4 54.Nh4 g3+ 
55.Kh1 Qe6 56.Qa1 Bc6 57.Bh8 Qxh3# 0-1